[Event "Stay Safe Play From Home 216"]
[Site "T#646701Emanuel Laske"]
[Date "2020.06.10"]
[Round "1"]
[White "Little champs"]
[Black "Tunca"]
[Result "1-0"]
[WhiteElo "2042"]
[BlackElo "1693"]
[Annotator "TA"]
[PlyCount "77"]
[EventDate "2020.06.10"]
[EventType "swiss (blitz)"]

{[%evp 9,77,1,16,-9,10,-8,-3,-10,-14,-37,7,0,18,0,133,131,141,145,152,100,120,15,32,-31,94,72,65,-6,35,0,0,-24,111,104,118,115,126,92,245,226,223,159,104,106,369,-463,-453,-429,-404,-1293,-1264,-1081,-548,-400,-32,-34,-37,-49,39,34,36,37,29993,29994,29994,0,0,0,29994,814]} 1. d4 d5 2. c4 e6 3. e3 Nf6 4. Nc3 Be7 5. Nf3 Nbd7 6. g4 {D37: Queen's Gambit Declined: 5 Bf4.} Bb4 {[#]} 7. Rg1 $146 ({Predecessor:} 7. Bd3 Qe7 8. cxd5 exd5 9. Bd2 Bxc3 10. Bxc3 Ne4 11. Qc2 Ndf6 12. h3 Nxc3 13. bxc3 a6 {1-0 (41) Cupid,K (2053)-Harewood,O (1800) Bridgetwon 2013}) 7... Ne4 8. Bd2 {The position is equal.} Nxd2 9. Nxd2 c6 10. g5 b6 11. Rc1 Ba6 {[#]} (11... Bb7 $11 {remains equal.}) 12. cxd5 $1 $16 Bxf1 13. dxc6 (13. Rxf1 $6 cxd5 14. h4 O-O $11) 13... Bd3 14. cxd7+ (14. a3 $142 Be7 15. cxd7+ Qxd7 16. Nf3) 14... Qxd7 15. Qf3 (15. a3 $16 Bxc3 16. Rxc3) 15... O-O $11 16. a3 (16. Qd1 $14) 16... Bd6 (16... Bxc3 $1 $15 17. Rxc3 Qb5) 17. e4 Ba6 18. h4 (18. e5 $14 Be7 19. Rg4) 18... Rac8 19. h5 (19. e5 $14 Be7 20. Qe3) 19... Be7 20. Qe3 g6 (20... e5 $11 21. d5 (21. dxe5 Qb5 $15 {[%mdl 64] Double Attack, Pin}) 21... f6) 21. f4 $16 Rfd8 22. Nf3 Bf8 23. Rd1 Qc6 $2 (23... Qc7 $16) 24. Ne5 $18 Qc7 25. Kf2 Bxa3 26. hxg6 (26. bxa3 $6 Qxc3 27. Qxc3 Rxc3 $11) 26... hxg6 $2 {[%mdl 8192]} (26... fxg6 $16 27. Rd2 (27. bxa3 Qxc3 28. Rge1 Qxe3+ 29. Rxe3 Bb7 $14) (27. Qh3 Rd6 $11) 27... Bd6) 27. Ng4 $4 {[%mdl 8192]} ({Inferior is} 27. bxa3 Qxc3 28. Qxc3 Rxc3 $11) (27. Rh1 $18 {avoids the disaster. Qh3 is the strong threat.} Bf8 28. Ra1 (28. Qh3 Bg7 $16)) 27... Bxb2 $19 28. Nf6+ Kg7 29. Na4 (29. Nb1 $142 Rxd4 30. Rxd4 Bxd4 {[#]} 31. Nh5+ $1 {[%mdl 512]} gxh5 32. Qxd4+ Kg8 33. Kf3) 29... Qc2+ {[%mdl 64] Double Attack} 30. Rd2 Qxa4 31. Rxb2 {intending d5.} Qxd4 $2 (31... Rxd4 $19 32. Rh1 Rd3) 32. Qxd4 $15 Rxd4 33. Rh1 Rh8 ({Black should try} 33... Bb7 $15) 34. Rxh8 $14 Kxh8 35. Ra2 Bc4 $2 {[%mdl 8192]} (35... Bc8 $14) 36. Rxa7 Rd2+ 37. Ke3 Rd3+ 38. Kf2 Rd2+ $1 39. Ke1 {Accuracy: White = 52%, Black = 36%.} (39. Kg3 $142 Rd3+ 40. Kh4 Bb5 41. Ra8+ Rd8 42. Rxd8+ Be8 43. Rxe8+ Kg7 44. Rg8#) 1-0

[Event "Stay Safe Play From Home 216"]
[Site "T#646701Emanuel Laske"]
[Date "2020.06.10"]
[Round "1"]
[White "Haris kollari 13"]
[Black "Egyptian-Silent-Hunter"]
[Result "1-0"]
[WhiteElo "1976"]
[BlackElo "1711"]
[Annotator "NA RC"]
[PlyCount "133"]
[EventDate "2020.06.10"]
[EventType "swiss (blitz)"]

1. e4 {[%emt 0:00:02]} e6 {[%emt 0:00:02]} 2. d4 {[%emt 0:00:02]} d5 {[%emt 0:00:01]} 3. e5 {[%emt 0:00:01]} c5 {[%emt 0:00:01]} 4. c3 {[%emt 0:00:01]} Nc6 {[%emt 0:00:01]} 5. f4 {[%emt 0:00:01]} Qb6 {[%emt 0:00:00]} 6. Nf3 {[%emt 0:00:01]} cxd4 {[%emt 0:00:02]} 7. cxd4 {[%emt 0:00:01]} Nh6 {[%emt 0:00:02]} 8. b3 {[%emt 0:00:04]} Nf5 {[%emt 0:00:01]} 9. Bb2 {[%emt 0:00:02]} h5 {[%emt 0:00:02]} 10. a3 {[%emt 0:00:14]} Bd7 {[%emt 0:00:01]} 11. b4 {[%emt 0:00:03]} Rc8 {[%emt 0:00:16]} 12. Qd3 {[%emt 0:00:02]} Na5 {[%emt 0:00:07]} 13. Nbd2 {[%emt 0:00:07]} Nc4 {[%emt 0:00:14]} 14. Nxc4 {[%emt 0:00:02]} Rxc4 {[%emt 0:00:04]} 15. Qd2 {[%emt 0:00:04]} Rc7 {[%emt 0:00:09]} 16. Bd3 {[%emt 0:00:01]} Ne7 {[%emt 0:00:24]} 17. O-O {[%emt 0:00:02]} Bb5 {[%emt 0:00:04]} 18. Rfc1 {[%emt 0:00:05]} Bxd3 {[%emt 0:00:02]} 19. Qxd3 {[%emt 0:00:01]} Nf5 {[%emt 0:00:03]} 20. Rxc7 {[%emt 0:00:09]} Qxc7 {[%emt 0:00:02]} 21. Rc1 {[%emt 0:00:01]} Qd7 {[%emt 0:00:04]} 22. Qc3 {[%emt 0:00:03]} Be7 {[%emt 0:00:02]} 23. Qc8+ {[%emt 0:00:04]} Bd8 {[%emt 0:00:16]} 24. Kf2 {[%emt 0:00:04]} Ne7 {[%emt 0:00:08]} 25. Qxd7+ {[%emt 0:00:04]} Kxd7 {[%emt 0:00:01]} 26. Ng5 {[%emt 0:00:03]} Rf8 {[%emt 0:00:16]} 27. h3 {[%emt 0:00:04]} f6 {[%emt 0:00:03]} 28. Nf3 {[%emt 0:00:03]} Nc6 {[%emt 0:00:03]} 29. g4 {[%emt 0:00:03]} hxg4 {[%emt 0:00:01]} 30. hxg4 {[%emt 0:00:01]} fxe5 {[%emt 0:00:01]} 31. dxe5 {[%emt 0:00:01]} g5 {[%emt 0:00:04]} 32. fxg5 {[%emt 0:00:09]} Bxg5 {[%emt 0:00:04]} 33. Rh1 {[%emt 0:00:00]} Bf4 {[%emt 0:00:09]} 34. Rh7+ {[%emt 0:00:02]} Kc8 {[%emt 0:00:02]} 35. Ke2 {[%emt 0:00:02]} Rg8 {[%emt 0:00:06]} 36. Rh4 {[%emt 0:00:10]} Bg5 {[%emt 0:00:14]} 37. Rh5 {[%emt 0:00:05]} Bf4 {[%emt 0:00:01]} 38. g5 {[%emt 0:00:01]} Ne7 {[%emt 0:00:07]} 39. Bd4 {[%emt 0:00:14]} Nf5 {[%emt 0:00:01]} 40. Bf2 {[%emt 0:00:02]} d4 {[%emt 0:00:05]} 41. Kd3 {[%emt 0:00:04]} Be3 {[%emt 0:00:03]} 42. Be1 {[%emt 0:00:10]} Kd7 {[%emt 0:00:10]} 43. Ke4 {[%emt 0:00:01]} Kc6 {[%emt 0:00:02]} 44. a4 {[%emt 0:00:02]} Rg6 {[%emt 0:00:03]} 45. Kd3 {[%emt 0:00:21]} b5 {[%emt 0:00:05]} 46. a5 {[%emt 0:00:04]} a6 {[%emt 0:00:01]} 47. Ke4 {[%emt 0:00:01]} Bd2 {[%emt 0:00:05]} 48. Bf2 {[%emt 0:00:09]} Bxb4 {[%emt 0:00:03]} 49. Nxd4+ {[%emt 0:00:03]} Nxd4 {[%emt 0:00:01]} 50. Kxd4 {[%emt 0:00:01]} Bc5+ {[%emt 0:00:01]} 51. Ke4 {[%emt 0:00:02]} Bxf2 {[%emt 0:00:01]} 52. Rh6 {[%emt 0:00:01]} Rxg5 {[%emt 0:00:06]} 53. Rxe6+ {[%emt 0:00:01]} Kc5 {[%emt 0:00:01]} 54. Rxa6 {[%emt 0:00:02]} Bd4 {[%emt 0:00:05]} 55. e6 {[%emt 0:00:04]} Re5+ {[%emt 0:00:01]} 56. Kf4 {[%emt 0:00:01]} Re1 {[%emt 0:00:02]} 57. Kf5 {[%emt 0:00:03]} b4 {[%emt 0:00:04]} 58. Rb6 {[%emt 0:00:02]} Bc3 {[%emt 0:00:04]} 59. Rb8 {[%emt 0:00:04]} Kd5 {[%emt 0:00:02]} 60. a6 {[%emt 0:00:03]} Re5+ {[%emt 0:00:02]} 61. Kg4 {[%emt 0:00:05]} Rxe6 {[%emt 0:00:01]} 62. a7 {[%emt 0:00:01]} Re4+ {[%emt 0:00:08]} 63. Kf3 {[%emt 0:00:02]} Re7 {[%emt 0:00:16]} 64. a8=Q+ {[%emt 0:00:01]} Kc4 {[%emt 0:00:03]} 65. Qc6+ {[%emt 0:00:04]} Kb3 {[%emt 0:00:01]} 66. Qd5+ {[%emt 0:00:01]} Kb2 {[%emt 0:00:01]} 67. Qd6 {[%emt 0:00:09] Time (Lag: Av=0.48s, max=5.2s)} 1-0

[Event "Stay Safe Play From Home 216"]
[Site "T#646701Emanuel Laske"]
[Date "2020.06.10"]
[Round "1"]
[White "matanant"]
[Black "Lazieri3"]
[Result "0-1"]
[WhiteElo "1796"]
[BlackElo "2091"]
[Annotator "TA"]
[PlyCount "100"]
[EventDate "2020.06.10"]
[EventType "swiss (blitz)"]

{[%evp 11,100,6,51,43,55,41,41,-6,35,-12,16,15,107,108,113,114,182,73,85,77,164,38,38,39,94,108,595,126,157,-245,-241,-245,-219,-779,-423,-417,-397,-397,-379,-392,-392,-381,-366,-382,-340,-364,-364,-358,-348,-355,-356,-312,-300,-350,-350,-327,-340,-319,-276,-557,-550,-534,-527,-449,-348,-566,-543,-802,-790,-1134,-801,-1796,-1477,-12839,-12839,-12844,-12843,-12845,-12846,-12849,-12849,-12850,-12848,-12850,-12848,-12850,-12849,-12850,-12850,-12850,-27999]} 1. e4 c6 2. d4 d5 3. Nd2 dxe4 4. Nxe4 Nd7 5. Nf3 Ngf6 6. Ng3 Nb6 7. h3 {B17: Caro-Kann: Modern Line (4...Nd7).} g6 {[#]} 8. Be3 $146 ({Predecessor:} 8. Be2 Bg7 9. Bg5 h6 10. Bf4 Nfd5 11. Bd2 O-O 12. c4 Nc7 13. O-O a5 14. Qe1 Be6 {1-0 (41) Soares,E (1984)-Almeida,F (1820) Rio de Janeiro 2016}) 8... Bg7 9. Qd2 {White is slightly better.} O-O 10. O-O-O Nbd5 11. Bh6 Re8 (11... Qc7 $11) 12. Bxg7 $16 Kxg7 13. Ne5 Nd7 {[#]} (13... Rh8 $16) 14. f4 (14. h4 $1 $18 {has better winning chances.}) 14... Nxe5 15. fxe5 Qb6 (15... f5 $16) 16. Bc4 (16. c4 $18) 16... Qb4 $1 $14 {[%cal Rb4c4]} 17. Qe2 b5 {[#]} ({Black should play} 17... Nf4 $14 18. Qf1 Nd5) 18. Bb3 $1 $16 a5 $2 {[%mdl 8192]} (18... Be6 $16 {is more resistant.}) 19. c3 $2 (19. a3 $18 Nc3 20. Qe3 Nxd1 21. Rxd1 (21. axb4 $2 {too greedy.} Nxe3 22. bxa5 Rxa5 $19) 21... Qxb3 22. Qxb3) 19... Nxc3 20. bxc3 $2 (20. Qf3 $16 Nxd1 21. Qxf7+ {[%mdl 64] Double Attack} Kh6 22. Rxd1 (22. Qxe8 Bb7 $11)) 20... Qxc3+ $19 {[%mdl 64] Double Attack. Black converts the advantage convincingly.} 21. Qc2 Qxg3 22. Qxc6 $2 (22. Rhf1) 22... Bf5 23. Qf3 Rac8+ 24. Kb2 Qxf3 25. gxf3 a4 26. Bd5 Rc2+ 27. Ka1 Rec8 28. Be4 Bxe4 29. fxe4 {[%mdl 4096] Endgame KRR-KRR} Re2 {aiming for ...Rcc2.} 30. Rhe1 Rcc2 31. Rxe2 Rxe2 {KR-KR} 32. d5 Rxe4 33. d6 exd6 34. exd6 {And now d7 would win.} Re8 35. d7 $2 (35. Kb2 {was necessary.}) 35... Rd8 36. Kb2 b4 {[%cal Bb5b4,Bb4b3][%mdl 32]} 37. Rd4 {[#]} b3 $1 38. a3 $2 (38. axb3 axb3 39. Kxb3) 38... f5 {Black is clearly winning.} 39. h4 h6 40. Rxa4 Rxd7 41. Kxb3 g5 42. hxg5 hxg5 43. Rc4 f4 44. a4 f3 45. a5 f2 46. Rc1 g4 47. Kb4 g3 {( -> ...g2)} 48. Kb5 g2 49. a6 f1=Q+ 50. Kb6 Qxc1 {Accuracy: White = 43%, Black = 62%.} 0-1

[Event "Stay Safe Play From Home 216"]
[Site "T#646701Emanuel Laske"]
[Date "2020.06.10"]
[Round "1"]
[White "Tobo Rubirosa"]
[Black "EnigmaG"]
[Result "0-1"]
[WhiteElo "1744"]
[BlackElo "1638"]
[Annotator "NA RC"]
[PlyCount "52"]
[EventDate "2020.06.10"]
[EventType "swiss (blitz)"]

1. Nf3 {[%emt 0:00:03]} e6 {[%emt 0:00:00]} 2. d4 {[%emt 0:00:02]} Nf6 {[%emt 0:00:02]} 3. g3 {[%emt 0:00:02]} c5 {[%emt 0:00:08]} 4. Bg2 {[%emt 0:00:01]} cxd4 {[%emt 0:00:02]} 5. O-O {[%emt 0:00:02]} Nc6 {[%emt 0:00:07]} 6. Nxd4 {[%emt 0:00:02]} d5 {[%emt 0:00:03]} 7. c4 {[%emt 0:00:02]} Bc5 {[%emt 0:00:17]} 8. Nxc6 {[%emt 0:00:02]} bxc6 {[%emt 0:00:00]} 9. Qc2 {[%emt 0:00:01]} Qb6 {[%emt 0:00:12]} 10. Nc3 {[%emt 0:00:04]} Bb4 {[%emt 0:00:26]} 11. Bg5 {[%emt 0:00:13]} Be7 {[%emt 0:00:05]} 12. Rac1 {[%emt 0:00:23]} O-O {[%emt 0:00:23]} 13. Rfd1 {[%emt 0:00:04]} Ba6 {[%emt 0:00:14]} 14. Be3 {[%emt 0:00:07]} Qd8 {[%emt 0:00:17]} 15. cxd5 {[%emt 0:00:04]} cxd5 {[%emt 0:00:00]} 16. Qa4 {[%emt 0:00:14]} Qd6 {[%emt 0:00:21]} 17. Bf4 {[%emt 0:00:21]} Qb6 {[%emt 0:00:07]} 18. e4 {[%emt 0:00:19]} dxe4 {[%emt 0:00:09]} 19. Nxe4 {[%emt 0:00:04]} Rad8 {[%emt 0:00:06]} 20. Rxd8 {[%emt 0:00:12]} Rxd8 {[%emt 0:00:00]} 21. Nxf6+ {[%emt 0:00:25]} Bxf6 {[%emt 0:00:00]} 22. b3 {[%emt 0:00:06]} Bb5 {[%emt 0:00:02]} 23. Qb4 {[%emt 0:00:06]} Rd4 {[%emt 0:00:06]} 24. Qc3 {[%emt 0:00:12]} Rd1+ {[%emt 0:00:02]} 25. Rxd1 {[%emt 0:00:08]} Bxc3 {[%emt 0:00:01]} 26. Bc7 {[%emt 0:00:05]} Qxc7 {[%emt 0:00:02] Tobo Rubirosa rinde (Lag: Av=0.91s, max=1.3s)} 0-1

[Event "Stay Safe Play From Home 216"]
[Site "T#646701Emanuel Laske"]
[Date "2020.06.10"]
[Round "1"]
[White "Erdema"]
[Black "Kat Stam"]
[Result "1-0"]
[WhiteElo "1464"]
[BlackElo "1657"]
[Annotator "NA RC"]
[PlyCount "65"]
[EventDate "2020.06.10"]
[EventType "swiss (blitz)"]

1. e4 {[%emt 0:00:02]} e5 {[%emt 0:00:01]} 2. Nf3 {[%emt 0:00:02]} Nc6 {[%emt 0:00:02]} 3. Bc4 {[%emt 0:00:03]} Nf6 {[%emt 0:00:02]} 4. Ng5 {[%emt 0:00:02]} d5 {[%emt 0:00:01]} 5. exd5 {[%emt 0:00:01]} Na5 {[%emt 0:00:01]} 6. Bb5+ {[%emt 0:00:01]} c6 {[%emt 0:00:01]} 7. dxc6 {[%emt 0:00:01]} bxc6 {[%emt 0:00:00]} 8. Qf3 {[%emt 0:00:04]} h6 {[%emt 0:00:02]} 9. Ne4 {[%emt 0:00:03]} Nxe4 {[%emt 0:00:37]} 10. Qxe4 {[%emt 0:00:03]} Bd6 {[%emt 0:00:58]} 11. Bxc6+ {[%emt 0:00:04]} Nxc6 {[%emt 0:00:07]} 12. Qxc6+ {[%emt 0:00:01]} Bd7 {[%emt 0:00:23]} 13. Qxd6 {[%emt 0:00:03]} Rc8 {[%emt 0:00:01]} 14. Qxe5+ {[%emt 0:00:02]} Be6 {[%emt 0:00:02]} 15. Nc3 {[%emt 0:00:02]} O-O {[%emt 0:00:04]} 16. O-O {[%emt 0:00:02]} Re8 {[%emt 0:00:03]} 17. Qg3 {[%emt 0:00:14]} Rc4 {[%emt 0:00:06]} 18. d3 {[%emt 0:00:03]} Rg4 {[%emt 0:00:02]} 19. Qf3 {[%emt 0:00:03]} Rg6 {[%emt 0:00:06]} 20. Ne4 {[%emt 0:00:04]} Bg4 {[%emt 0:00:07]} 21. Qf4 {[%emt 0:00:14]} Bh3 {[%emt 0:00:07]} 22. Ng3 {[%emt 0:00:03]} Bc8 {[%emt 0:00:07]} 23. Bd2 {[%emt 0:00:06]} Bb7 {[%emt 0:00:01]} 24. Bc3 {[%emt 0:00:03]} h5 {[%emt 0:00:02]} 25. f3 {[%emt 0:00:07]} h4 {[%emt 0:00:02]} 26. Nf5 {[%emt 0:00:06]} h3 {[%emt 0:00:21]} 27. g3 {[%emt 0:00:05]} Qd5 {[%emt 0:00:22]} 28. Nh4 {[%emt 0:00:34]} Rg5 {[%emt 0:00:23]} 29. Rfe1 {[%emt 0:00:08]} Qc5+ {[%emt 0:00:25]} 30. Kh1 {[%emt 0:00:10]} Rd8 {[%emt 0:00:14]} 31. Re5 {[%emt 0:00:27]} Rxe5 {[%emt 0:00:07]} 32. Qxe5 {[%emt 0:00:02]} Qf2 {[%emt 0:00:00]} 33. Qxg7# {[%emt 0:00:04] (Lag: Av=0.78s, max=1.3s)} 1-0

[Event "Stay Safe Play From Home 216"]
[Site "T#646701Emanuel Laske"]
[Date "2020.06.10"]
[Round "2"]
[White "Little champs"]
[Black "Erdema"]
[Result "1-0"]
[WhiteElo "2046"]
[BlackElo "1490"]
[Annotator "TA"]
[PlyCount "97"]
[EventDate "2020.06.10"]
[EventType "swiss (blitz)"]

{[%evp 9,97,-20,13,9,43,31,50,53,51,50,68,52,68,69,80,85,411,412,403,411,706,695,654,311,316,312,299,280,273,188,180,165,260,260,259,245,249,241,265,266,262,255,249,225,225,229,264,255,253,251,257,257,297,302,450,394,735,756,752,568,885,819,1682,1012,6657,6608,6427,6423,6315,6254,29980,29981,29982,29983,29982,29981,29983,29984,29984,29985,29985,29986,29990,29988,29988,29989,29989,29990,29991,29992]} 1. d4 d5 2. e3 Bf5 3. c4 e6 4. Nc3 Nf6 5. Bd2 Nc6 6. Nf3 {D06: Queen's Gambit: Symmetrical and Baltic Defences.} Nb4 {Threatens to win with ...Nc2+.} 7. Rc1 Nd3+ 8. Bxd3 $1 {White is slightly better.} Bxd3 {[#]} 9. cxd5 $146 ({Predecessor:} 9. Ne5 Bxc4 10. Qa4+ c6 11. Nxc4 dxc4 12. Qxc4 Bd6 13. O-O O-O 14. e4 {½-½ (14) Kaszas,V (1911)-Cabarkapa,N (1971) Senta 2008}) 9... exd5 10. Ne5 Ba6 11. Qa4+ c6 {[#]} 12. Nxc6 $1 {[%mdl 512]} bxc6 $4 {[%mdl 8192]} (12... Qd7 $16 {is more resistant.} 13. Ne5 Qxa4 14. Nxa4 b6) 13. Qxc6+ $18 ({Weaker is} 13. Qxa6 Qb6 $16) 13... Nd7 14. Qxa6 Nb6 (14... Bb4 $142 15. Nxd5 Bxd2+ 16. Kxd2 O-O) 15. Nb5 {And now Nc7+ would win.} Bd6 16. Nxd6+ (16. Rc6 $142 Bxh2 17. Rxh2) 16... Qxd6 17. Qb5+ Qd7 18. Qxd7+ Kxd7 19. O-O Nc4 20. Bc3 Rab8 (20... a5 $142 21. Rfe1 f5) 21. b3 Nd6 22. Ba5 Rhc8 23. Rfd1 g6 24. Kf1 Nb7 25. Bb4 Nd8 26. Ba3 Ne6 27. Ke2 Ng5 28. f3 Ne6 29. Kd3 f5 30. g3 Nc7 31. Rc5 Ke6 (31... Rb5 $142 32. Rdc1 Rxc5 33. Rxc5 Rb8) 32. Rdc1 Rb7 $2 (32... Kd7 33. g4 Rb5 34. gxf5 gxf5) 33. Rc6+ Kd7 34. Bd6 h5 35. h4 a5 36. Bxc7 Rbxc7 37. Rxc7+ Rxc7 38. Rxc7+ Kxc7 {[%mdl 4096] Endgame KP-KP} 39. e4 fxe4+ 40. fxe4 {White mates.} Kd6 41. e5+ Ke6 42. Ke3 Kf5 43. a3 g5 44. hxg5 Kxg5 45. b4 {[%cal Bb3b4,Bb4b5,Bb5b6,Bb6b7][%mdl 32]} Kf5 46. b5 Ke6 47. b6 Kd7 {[#]} 48. e6+ $1 {[%mdl 64] Promotion} Kxe6 49. b7 {White took control after the opening. Accuracy: White = 80%, Black = 47%.} 1-0

[Event "Stay Safe Play From Home 216"]
[Site "T#646701Emanuel Laske"]
[Date "2020.06.10"]
[Round "2"]
[White "Don59as"]
[Black "matanant"]
[Result "1-0"]
[WhiteElo "2009"]
[BlackElo "1791"]
[Annotator "NA RC"]
[PlyCount "93"]
[EventDate "2020.06.10"]
[EventType "swiss (blitz)"]

1. c4 {[%emt 0:00:03]} e6 {[%emt 0:00:05]} 2. e4 {[%emt 0:00:03]} c5 {[%emt 0:00:06]} 3. Nc3 {[%emt 0:00:01]} Nc6 {[%emt 0:00:02]} 4. g3 {[%emt 0:00:01]} d6 {[%emt 0:00:02]} 5. Bg2 {[%emt 0:00:04]} Nf6 {[%emt 0:00:07]} 6. Nge2 {[%emt 0:00:01]} Be7 {[%emt 0:00:02]} 7. O-O {[%emt 0:00:09]} O-O {[%emt 0:00:01]} 8. d4 {[%emt 0:00:01]} cxd4 {[%emt 0:00:03]} 9. Nxd4 {[%emt 0:00:00]} Bd7 {[%emt 0:00:02]} 10. b3 {[%emt 0:00:03]} Nxd4 {[%emt 0:00:04]} 11. Qxd4 {[%emt 0:00:03]} Bc6 {[%emt 0:00:00]} 12. Bb2 {[%emt 0:00:01]} Ne8 {[%emt 0:00:20]} 13. Rfe1 {[%emt 0:00:12]} Bf6 {[%emt 0:00:02]} 14. Qd2 {[%emt 0:00:01]} Qb6 {[%emt 0:00:20]} 15. Rad1 {[%emt 0:00:21]} Rd8 {[%emt 0:00:07]} 16. h3 {[%emt 0:00:02]} a6 {[%emt 0:00:03]} 17. Kh2 {[%emt 0:00:03]} Qc7 {[%emt 0:00:12]} 18. Rc1 {[%emt 0:00:03]} b6 {[%emt 0:00:11]} 19. Nd5 {[%emt 0:00:05]} Bxd5 {[%emt 0:00:13]} 20. cxd5 {[%emt 0:00:05]} Qe7 {[%emt 0:00:05]} 21. Bxf6 {[%emt 0:00:11]} Nxf6 {[%emt 0:00:11]} 22. Rc6 {[%emt 0:00:02]} Qb7 {[%emt 0:00:16]} 23. Rec1 {[%emt 0:00:09]} Rd7 {[%emt 0:00:09]} 24. Qd4 {[%emt 0:00:11]} b5 {[%emt 0:00:09]} 25. dxe6 {[%emt 0:00:11]} fxe6 {[%emt 0:00:03]} 26. e5 {[%emt 0:00:01]} dxe5 {[%emt 0:00:11]} 27. Qxe5 {[%emt 0:00:01]} Qa7 {[%emt 0:00:19]} 28. Qxe6+ {[%emt 0:00:12]} Rdf7 {[%emt 0:00:10]} 29. R1c2 {[%emt 0:00:10]} a5 {[%emt 0:00:04]} 30. Ra6 {[%emt 0:00:11]} Qd4 {[%emt 0:00:02]} 31. Rxa5 {[%emt 0:00:09]} Re8 {[%emt 0:00:05]} 32. Ra8 {[%emt 0:00:04]} Rxa8 {[%emt 0:00:07]} 33. Bxa8 {[%emt 0:00:01]} g6 {[%emt 0:00:14]} 34. Rc7 {[%emt 0:00:19]} Qxf2+ {[%emt 0:00:07]} 35. Bg2 {[%emt 0:00:01]} Nh5 {[%emt 0:00:09]} 36. Rxf7 {[%emt 0:00:07]} Qxf7 {[%emt 0:00:02]} 37. Qxf7+ {[%emt 0:00:02]} Kxf7 {[%emt 0:00:01]} 38. a4 {[%emt 0:00:01]} bxa4 {[%emt 0:00:08]} 39. bxa4 {[%emt 0:00:00]} Nf6 {[%emt 0:00:06]} 40. a5 {[%emt 0:00:01]} Nd7 {[%emt 0:00:02]} 41. a6 {[%emt 0:00:01]} Nb6 {[%emt 0:00:04]} 42. a7 {[%emt 0:00:01]} Kf6 {[%emt 0:00:04]} 43. a8=Q {[%emt 0:00:02]} Nxa8 {[%emt 0:00:00]} 44. Bxa8 {[%emt 0:00:01]} g5 {[%emt 0:00:03]} 45. Kg2 {[%emt 0:00:01]} h5 {[%emt 0:00:03]} 46. Kf3 {[%emt 0:00:02]} Ke5 {[%emt 0:00:02]} 47. g4 {[%emt 0:00:08] Time (Lag: Av=0.85s, max=1.4s)} 1-0

[Event "Stay Safe Play From Home 216"]
[Site "T#646701Emanuel Laske"]
[Date "2020.06.10"]
[Round "2"]
[White "Egyptian-Silent-Hunter"]
[Black "Edmatuag"]
[Result "1-0"]
[WhiteElo "1705"]
[BlackElo "1710"]
[Annotator "NA RC"]
[PlyCount "93"]
[EventDate "2020.06.10"]
[EventType "swiss (blitz)"]

1. e4 {[%emt 0:00:01]} c5 {[%emt 0:00:02]} 2. Nf3 {[%emt 0:00:02]} d6 {[%emt 0:00:01]} 3. d4 {[%emt 0:00:01]} cxd4 {[%emt 0:00:00]} 4. Nxd4 {[%emt 0:00:01]} Nf6 {[%emt 0:00:02]} 5. Nc3 {[%emt 0:00:01]} a6 {[%emt 0:00:01]} 6. Bc4 {[%emt 0:00:02]} e6 {[%emt 0:00:01]} 7. Bb3 {[%emt 0:00:02]} b5 {[%emt 0:00:02]} 8. Bg5 {[%emt 0:00:02]} Nbd7 {[%emt 0:00:09]} 9. Qf3 {[%emt 0:00:07]} Bb7 {[%emt 0:00:06]} 10. O-O-O {[%emt 0:00:17]} b4 {[%emt 0:00:06]} 11. Nd5 {[%emt 0:00:02]} exd5 {[%emt 0:00:05]} 12. exd5 {[%emt 0:00:08]} Ne5 {[%emt 0:00:07]} 13. Qe2 {[%emt 0:00:12]} Be7 {[%emt 0:00:03]} 14. f4 {[%emt 0:00:02]} Ng6 {[%emt 0:00:08]} 15. Bxf6 {[%emt 0:00:01]} gxf6 {[%emt 0:00:03]} 16. Nf5 {[%emt 0:00:03]} Bc8 {[%emt 0:00:49]} 17. Nd4 {[%emt 0:00:28]} O-O {[%emt 0:00:21]} 18. Rhe1 {[%emt 0:00:13]} Re8 {[%emt 0:00:18]} 19. Qf3 {[%emt 0:00:07]} Bf8 {[%emt 0:00:10]} 20. Nc6 {[%emt 0:00:03]} Qd7 {[%emt 0:00:07]} 21. h3 {[%emt 0:00:17]} Bb7 {[%emt 0:00:06]} 22. Nd4 {[%emt 0:00:11]} Rxe1 {[%emt 0:00:18]} 23. Rxe1 {[%emt 0:00:02]} Re8 {[%emt 0:00:04]} 24. Rd1 {[%emt 0:00:02]} Bc8 {[%emt 0:00:16]} 25. g4 {[%emt 0:00:02]} Qe7 {[%emt 0:00:03]} 26. Qf1 {[%emt 0:00:54]} Qe3+ {[%emt 0:00:08]} 27. Kb1 {[%emt 0:00:01]} Nxf4 {[%emt 0:00:05]} 28. Nf3 {[%emt 0:00:17]} Qe2 {[%emt 0:00:15]} 29. Qh1 {[%emt 0:00:10]} Qg2 {[%emt 0:00:31]} 30. Qxg2 {[%emt 0:00:06]} Nxg2 {[%emt 0:00:00]} 31. Bc4 {[%emt 0:00:03]} Bh6 {[%emt 0:00:04]} 32. a3 {[%emt 0:00:06]} bxa3 {[%emt 0:00:02]} 33. bxa3 {[%emt 0:00:02]} a5 {[%emt 0:00:04]} 34. Bb5 {[%emt 0:00:09]} Re3 {[%emt 0:00:04]} 35. Nd4 {[%emt 0:00:01]} Rxh3 {[%emt 0:00:03]} 36. Ka2 {[%emt 0:00:03]} Ne3 {[%emt 0:00:02]} 37. Re1 {[%emt 0:00:04]} Bxg4 {[%emt 0:00:01]} 38. Nc6 {[%emt 0:00:04]} f5 {[%emt 0:00:01]} 39. Nxa5 {[%emt 0:00:02]} Nxc2 {[%emt 0:00:04]} 40. Re8+ {[%emt 0:00:04]} Kg7 {[%emt 0:00:01]} 41. Nc4 {[%emt 0:00:03]} Rc3 {[%emt 0:00:02]} 42. Kb2 {[%emt 0:00:03]} Bd2 {[%emt 0:00:03]} 43. Nxd2 {[%emt 0:00:04]} Nxa3 {[%emt 0:00:01]} 44. Kxc3 {[%emt 0:00:01]} Nxb5+ {[%emt 0:00:02]} 45. Kd3 {[%emt 0:00:04]} Nc7 {[%emt 0:00:00]} 46. Re7 {[%emt 0:00:02]} Nxd5 {[%emt 0:00:00]} 47. Rd7 {[%emt 0:00:02] Time} 1-0

[Event "Stay Safe Play From Home 216"]
[Site "T#646701Emanuel Laske"]
[Date "2020.06.10"]
[Round "2"]
[White "Tunca"]
[Black "Dukic"]
[Result "0-1"]
[WhiteElo "1689"]
[BlackElo "1833"]
[Annotator "NA RC"]
[PlyCount "30"]
[EventDate "2020.06.10"]
[EventType "swiss (blitz)"]

1. e4 {[%emt 0:00:02]} c6 {[%emt 0:00:02]} 2. d4 {[%emt 0:00:01]} d6 {[%emt 0:00:01]} 3. Nc3 {[%emt 0:00:03]} Nd7 {[%emt 0:00:01]} 4. f4 {[%emt 0:00:02]} e5 {[%emt 0:00:01]} 5. Nf3 {[%emt 0:00:01]} Qc7 {[%emt 0:00:01]} 6. Bc4 {[%emt 0:00:03]} Be7 {[%emt 0:00:01]} 7. Ng5 {[%emt 0:00:10]} Nh6 {[%emt 0:00:06]} 8. Qh5 {[%emt 0:00:20]} O-O {[%emt 0:00:11]} 9. fxe5 {[%emt 0:00:40]} dxe5 {[%emt 0:00:05]} 10. Nxh7 {[%emt 0:01:20]} Kxh7 {[%emt 0:00:22]} 11. Bxh6 {[%emt 0:00:04]} gxh6 {[%emt 0:00:03]} 12. O-O {[%emt 0:00:05]} Nf6 {[%emt 0:00:09]} 13. Qh4 {[%emt 0:00:45]} exd4 {[%emt 0:00:09]} 14. Ne2 {[%emt 0:00:10]} Qe5 {[%emt 0:00:04]} 15. Rae1 {[%emt 0:00:21]} Ng4 {[%emt 0:00:21] Tunca resigns (Lag: Av=0.35s, max=0.4s)} 0-1